| 000 | 00973nam a2200253 i 4500 | ||
|---|---|---|---|
| 001 | bg | ||
| 100 | 1 | _aZIMNIAK, Paweł | |
| 245 | 1 | 4 |
_aDie verlorene Zeit im verlorenen Reich : _bChristine Brückners Familiensaga und Leonie Ossowskis Familienchronik / _cPaweł Zimniak ; Wyższa Szkoła Pedagogiczna im. Tadeusza Kotarbińskiego. |
| 260 |
_aZielona Góra : _bWSP, _c1996. |
||
| 300 |
_a93 s. ; _c21 cm. |
||
| 504 | _aBibliogr. s. 89-91. | ||
| 600 | 1 | 9 |
_aBrückner, Christine (1921- ) _xtwórczość |
| 600 | 1 | 9 |
_aOssowski, Leonie (1925- ) _xtwórczość |
| 650 | 9 |
_aPowieść niemiecka _xtematyka _yod 1945 r. |
|
| 650 | 9 |
_aRodzina _xliteratura niemiecka _yod 1945 r. |
|
| 020 | _a8386832134 | ||
| 040 | _cBPK | ||
| 041 | 0 | _ager | |
| 080 | _a821.112.2(091)-3"19"A/Z | ||
| 920 | _a83-86832-13-4 | ||
| 942 | _cKS | ||
| 008 | s pl f |000 0 pol | ||
| 999 |
_c45102 _d45102 |
||
| 856 |
_uhttp://koha.tu.koszalin.pl/cgi-bin/koha/opac-detail.pl?biblionumber=45102 _yKatalog online BPK |
||